000 01057nam a22002657a 4500
001 BD-DhSAU 9278
003 BD-DhSAU
005 20230103113007.0
008 150613b2018 bg a|||| m||| 00| 0 eng d
040 _aBD-DhSAU
082 _222
_a635
_bSu59
100 _aSULTANA, JESMIN
_eRegistration No. # 14-06286
245 _aGrowth and yield of okra as influenced by ga3 and potassium /
_bMS thesis
260 _aSher-e-Bangla Agricultural University :
_bDepartment of Horticulture,
_c2021
300 _axi, 59p. :
_bill. ;
_c30 cm.
500 _aMS thesis of Department of Horticulture, Faculty of Agriculture, Sher-e-Bangla Agricultural University, Dhaka, Bangladesh
504 _aIncludes bibliographical reference.
590 _aNazmul
650 _aokra as influenced
650 _aga3 and potassium
700 _aProfessor Md. Hasanuzzaman Akand
_eSuperviser
700 _aProfessor Dr. Jasim Uddain
_eCo-superviser
856 _uhttp://archive.saulibrary.edu.bd:8080/xmlui/handle/123456789/4708
942 _2ddc
_cTHESIS
999 _c16478
_d16477